02401nam a2200313 4500001000400000003000400004005001700008008004100025040000800066041001300074082001500087100003900102240001300141245007700154260004200231300001200273520145600285650002901741650002401770650002001794650002001814650001401834655001601848655002001864700004301884942001501927952013201942999001302074219OSt20250528074015.0250203b |||||||e |||| 00| 1 eng d bpor hfreapor a843bD952a1 aDuras, Marguerite,d1914-19969406 aL´amant aO amante / cDuras, Marguerite ; Tradução de Aulyde Soares Rodrigues aSão PaulobCírculo do Livroc1988 a114 p.  aConsiderado o livro mais autobiográfico da escritora, dramaturga e cineasta Marguerite Duras (1914-1996), O amante, escrito em 1984, recebeu o Prêmio Goncourt, o mais importante da literatura francesa e se consagrou como sua obra mais célebre. O romance narra um episódio da adolescência de Duras: sua iniciação sexual, aos quinze anos e meio, com um chinês rico de Saigon. Se as personagens e fatos são verídicos, a escrita os transfigura e transcende; não sabemos em que medida a história é verdadeira. Os encontros amorosos são, ao mesmo tempo, intensamente prazerosos e infinitamente tristes; a vida da família contrapõe amor e ódio, miséria material e riqueza afetiva. A presença da mãe, sua desgraça financeira e moral, do irmão mais velho, drogado, cruel e venal, e do irmão mais novo, frágil e oprimido, constituem uma existência predominantemente triste, e por vezes trágica, de onde Duras extrai um esplendor artístico que se reflete em sua própria pessoa - personagem enigmática, quase de ficção. Tem sido dito que ler este livro é como folhear um álbum de fotografias - a narrativa se desenrola em torno de uma série de imagens fascinantes. Esse trabalho primoroso com as imagens também pode ser verificado nos mais de vinte filmes dirigidos por Duras e na possibilidade de seus textos se transformarem em filmes, como o fez Jean-Jacques Annaud com O amante em 1991. 0aLiteratura francesa9122 0aAmor e Paixão925 0aHistórico953 0aClássicos977 0aFilme926 0aRomance923 0aFicção 922 aAulyde Soares RodrigueseTradutor9302 2ddcn0cBK 00102ddc40708FICaBIBIBbBIBIBcLEd2017-05-24edoaçãol0o843 / D952ap2025-15673r2025-01-31 07:47:58w2025-01-31yBK c219d219